000 00509nam a22001817a 4500
005 20251108172718.0
008 250721s1994 xx 000 0 ara d
082 1 4 _a813.009/فور
100 1 _aفورستر، أ . م
_eمؤلف
245 1 0 _aأركان الرواية /
264 1 _aطرابلس :
_bجروس برس،
_c1994.
300 _a128ص
650 1 7 _aالروايات
650 1 7 _aالنقد الأدبي
700 1 _aعاصي، موسى
_eمترجم
942 _2ddc
_cBK
999 _c86599
_d86599